000 00840nam a22002897a 4500
001 BR9000756
003 BR-BrBNA
005 20240219125041.0
007 ta
008 230509b bl.||||| |||| 00| 0 por d
040 _aBR-BrBNA
_bpor
_cBiblioteca Nacional de Agricultura
041 _a(Por)
072 _aA50
090 _aA50
_bBR9000756
100 1 _aCarmo, Vitú do
100 1 _aAlvim, Zuleika
110 1 _aAgroceres S.A. Importacao, Exportacao, Industria e Comercio, Sao Paulo, SP (Brasil)
_961
245 1 _aChao fecundo: 100 anos de historia do Instituto Agronomico de Campinas
260 3 _aSao Paulo, SP (Brasil):
_c1987.
300 _a140 p.
500 _a50 illus.; 45 ref.
650 _aPESQUISA AGRICOLA
650 _aINSTITUICAO DE PESQUISA
650 _aCAMPINAS
650 _aSAO PAULO
942 _cBK
_2AGRIS
999 _c44641
_d44641